000 00583nam a22002297a 4500
003 UA-OsUOA
001 125111
007 ta
008 20170906b un ||||| |||| 00| 0 ukr d
100 _aДімаров А.
090 _a821.161.2
_bД50
942 _cBK
040 _aUA-OsUOA
_bukr
_cUA-OsUOA
_dUA-OsUOA
245 _aСільські історії
300 _a539 с.
955 _a3
041 _aukr
080 _a821.161.2
260 _aК.
_bДніпро
_c1987
650 7 _a82 Література. Літературознавство
_2UDC
999 _c412319
_d412319